| 000 | 00417nam a2200169Ia 4500 | ||
|---|---|---|---|
| 008 | 130318s9999 xx 000 0 und d | ||
| 020 | _a8181282884 | ||
| 082 | _a005.74 ALL/B | ||
| 100 | _aAllen, Sharon | ||
| 245 | _aBeginning relational data modeling | ||
| 250 | _a2 | ||
| 260 |
_bSpringer _aNew Delhi _c2005 |
||
| 300 | _a604 | ||
| 650 | _aDATA MODELING | ||
| 650 | _aRELATIONAL DATABASES | ||
| 700 | _aTerry, Evan | ||
| 999 |
_c864 _d864 |
||